ՀՀ Գիտությունների ազգային ակադեմիայի հիմնարար գիտական գրադարան  =   Fundamental Scientific Library of NAS RA

Արձագանգ = : (Record no. 494005)

MARC details
000 -LEADER
fixed length control field 01271nas a2200313 a 4500
003 - CONTROL NUMBER IDENTIFIER
control field AM-YeHGA
040 ## - CATALOGING SOURCE
Original cataloging agency AM-YeHGA
090 ## - LOCALLY ASSIGNED LC-TYPE CALL NUMBER (OCLC); LOCAL CALL NUMBER (RLIN)
-- 497393
001 - CONTROL NUMBER
control field 000919790
005 - DATE AND TIME OF LATEST TRANSACTION
control field 20250618075750.0
008 - FIXED-LENGTH DATA ELEMENTS--GENERAL INFORMATION
fixed length control field 121015c19869999sz mr p 0 0arm d
041 0# - LANGUAGE CODE
Language code of text/sound track or separate title arm
041 0# - LANGUAGE CODE
Language code of text/sound track or separate title fre
222 #0 - KEY TITLE
Key title Արձագանգ = Artzakank-Echo
245 00 - TITLE STATEMENT
Title Արձագանգ = :
Remainder of title Artzakank = Echo /
Statement of responsibility, etc. Խմբ.՝ Մարալ Սիմսար Թոնբազյան; հրատ.՝ Հայ տիկնանց միություն-Ժնև.
246 11 - VARYING FORM OF TITLE
Title proper/short title Artzakank-Echo
260 ## - PUBLICATION, DISTRIBUTION, ETC.
Place of publication, distribution, etc. Ժնև,
Date of publication, distribution, etc. 1986-.
270 ## - ADDRESS
Address Case postale 153-1211 Petit-Saconnex 19
City Ժնև
Telephone number Tel:022 700 36 85
Electronic mail address artzakank@worldcom.ch
300 ## - PHYSICAL DESCRIPTION
Extent Համար.
310 ## - CURRENT PUBLICATION FREQUENCY
Current publication frequency Ամենամսյա
362 0# - DATES OF PUBLICATION AND/OR SEQUENTIAL DESIGNATION
Dates of publication and/or sequential designation 1986-
546 ## - LANGUAGE NOTE
Language note Տեքստը՝ հայ., ֆրանս.
650 04 - SUBJECT ADDED ENTRY--TOPICAL TERM
Topical term or geographic name entry element Ամսագիր
650 14 - SUBJECT ADDED ENTRY--TOPICAL TERM
Topical term or geographic name entry element Հայկական գաղթօջախներ
Geographic subdivision Շվեյցարիա
Form subdivision Պարբերականներ
700 1# - ADDED ENTRY--PERSONAL NAME
Personal name Թոնբազյան,Մարալ Սիմսար
Relator term Խմբ.
Relationship edt
710 2# - ADDED ENTRY--CORPORATE NAME
Corporate name or jurisdiction name as entry element Հայ յեղափոխական դաշնակցութիւն
9 (RLIN) 4870
770 0# - SUPPLEMENT/SPECIAL ISSUE ENTRY
Main entry heading Հատուկ թողարկում
Related parts Հոկտ., 2012
Title Հայ տպագրության 500-այակը: Երևանը գրքի մայրաքաղաք 2012:
942 ## - ADDED ENTRY ELEMENTS (KOHA)
Source of classification or shelving scheme Universal Decimal Classification
Koha item type Շարունակական պաշար / Continuing Resource
Holdings
Withdrawn status Lost status Source of classification or shelving scheme Damaged status Not for loan Collection Home library Current library Date acquired Serial enumeration / chronology Total checkouts Full call number Barcode Date last seen Price effective from Koha item type Public note
    Universal Decimal Classification     Alpoiajian Individual Collection Fundamental Scientific Library Fundamental Scientific Library 20/05/2019 1884, հ. (հունվար)   Ալպ/1597 FL0580029 20/05/2019 20/05/2019 Շարունակական պաշար / Continuing Resource ILL Non-Circ
    Universal Decimal Classification     Alpoiajian Individual Collection Fundamental Scientific Library Fundamental Scientific Library 21/05/2019 1882, հ. 1 (փետրվար)   Ալպ/1597 բ FL0580045 21/05/2019 21/05/2019 Շարունակական պաշար / Continuing Resource ILL Non-Circ
    Universal Decimal Classification     Alpoiajian Individual Collection Fundamental Scientific Library Fundamental Scientific Library 21/05/2019 1884, հ. 18 (մայիս)   Ալպ/1597 գ FL0580046 21/05/2019 21/05/2019 Շարունակական պաշար / Continuing Resource ILL Non-Circ
    Universal Decimal Classification     Alpoiajian Individual Collection Fundamental Scientific Library Fundamental Scientific Library 21/05/2019 1882, հ. 23 (հուլիս)   Ալպ/1597 դ FL0580047 21/05/2019 21/05/2019 Շարունակական պաշար / Continuing Resource ILL Non-Circ
    Universal Decimal Classification     Alpoiajian Individual Collection Fundamental Scientific Library Fundamental Scientific Library 21/05/2019 1884, հ. 34 (սեպտեմբեր)   Ալպ/1597 է FL0580048 21/05/2019 21/05/2019 Շարունակական պաշար / Continuing Resource ILL Non-Circ


ՀՀ ԳԱԱ հիմնարար գիտական գրադարան
ՀՀ,Երևան 0019
Մարշալ Բաղրամյան 24/6
հեռախոս:(374-10) 52-47-50
Հետադարձ կապ

All site content, except where otherwise noted, is licensed under a
Creative Commons License